[Event "SVK-chT1W 1718"]
[Site "Slovakia"]
[Date "2017.11.05"]
[Round "4.3"]
[White "Slobodnik, Michal"]
[Black "Duben, Igor"]
[Result "1/2-1/2"]
[WhiteElo "2096"]
[BlackElo "2245"]
[PlyCount "53"]
[EventDate "2017.10.21"]
[EventType "team-tourn"]
[EventRounds "11"]
[EventCountry "SVK"]
[SourceTitle "CBM 181 Extra"]
[Source "ChessBase"]
[SourceDate "2017.12.12"]
[SourceVersion "1"]
[SourceVersionDate "2017.12.12"]
[SourceQuality "1"]
[WhiteTeam "Trnava Sered"]
[BlackTeam "Devinska Nova Ves"]
[WhiteTeamCountry "SVK"]
[BlackTeamCountry "SVK"]

1. e4 e6 2. d4 d5 3. Nd2 c5 4. Ngf3 Nf6 5. exd5 exd5 6. Be2 Nc6 7. c3 cxd4 8. Nxd4 Nxd4 9. cxd4 Qb6 10. 0-0 Bd6 11. Nf3 0-0 12. Qb3 Qxb3 13. axb3 Re8 14. Bd3 Bg4 15. Be3 Bxf3 16. gxf3 a6 17. Rac1 Rac8 18. Bf5 Rb8 19. Rc2 g6 20. Bh3 Nh5 21. Rfc1 f5 22. Bf1 Nf4 23. Bxf4 Bxf4 24. Ra1 Rbc8 25. Rxc8 Rxc8 26. Ra5 Rd8 27. Rxd5 1/2-1/2

[Event "SVK-chT2A 1617"]
[Site "Slovakia"]
[Date "2017.03.11"]
[Round "10.1"]
[White "Duben, Igor"]
[Black "Puskar, Peter"]
[Result "1-0"]
[WhiteElo "2221"]
[BlackElo "2187"]
[PlyCount "99"]
[EventDate "2016.10.08"]
[EventType "team-tourn"]
[EventRounds "11"]
[EventCountry "SVK"]
[SourceTitle "EXT 2018"]
[Source "ChessBase"]
[SourceDate "2017.10.13"]
[SourceVersion "1"]
[SourceVersionDate "2017.10.13"]
[SourceQuality "1"]
[WhiteTeam "Devinska Nova Ves II"]
[BlackTeam "Trnava Lokomotiva II"]
[WhiteTeamCountry "SVK"]
[BlackTeamCountry "SVK"]

1. d4 Nf6 2. Nf3 c5 3. e3 e6 4. Bd3 d5 5. c3 Bd6 6. dxc5 Bxc5 7. 0-0 0-0 8. Nbd2 Qc7 9. Qe2 Nbd7 10. e4 dxe4 11. Nxe4 Be7 12. Bg5 Re8 13. Rad1 g6 14. Nxf6+ Bxf6 15. Bb5 Bxg5 16. Nxg5 a6 17. Ba4 Re7 18. Qf3 Rb8 19. Bxd7 Bxd7 20. Qf6 Bb5 21. c4 Bc6 22. Nxh7 Rd7 23. Rxd7 Qxd7 24. Qe5 Kxh7 25. Qxb8 Qd4 26. Qf8 Qf4 27. h3 g5 28. Qc5 Kg6 29. b3 Qd2 30. a4 Be4 31. Qe3 Qxe3 32. fxe3 Bc2 33. b4 Bxa4 34. e4 f6 35. Kf2 Bc6 36. Re1 f5 37. exf5+ exf5 38. Re6+ Kf7 39. Rd6 Be4 40. g3 Bc6 41. Ke3 Kg7 42. h4 gxh4 43. gxh4 Be4 44. Kf4 Kh7 45. Kg5 Kg7 46. Rg6+ Kh7 47. Rf6 Bd3 48. c5 Be4 49. Rxf5 Bxf5 50. Kxf5 1-0

[Event "SVK-chT2A 1617"]
[Site "Slovakia"]
[Date "2016.12.04"]
[Round "6.2"]
[White "Duben, Igor"]
[Black "Tepper, Frantisek"]
[Result "1-0"]
[WhiteElo "2221"]
[BlackElo "2087"]
[PlyCount "109"]
[EventDate "2016.10.08"]
[EventType "team-tourn"]
[EventRounds "11"]
[EventCountry "SVK"]
[SourceTitle "EXT 2018"]
[Source "ChessBase"]
[SourceDate "2017.10.13"]
[SourceVersion "1"]
[SourceVersionDate "2017.10.13"]
[SourceQuality "1"]
[WhiteTeam "Devinska Nova Ves II"]
[BlackTeam "Bratislava Slovan IV"]
[WhiteTeamCountry "SVK"]
[BlackTeamCountry "SVK"]

1. d4 Nf6 2. Nf3 d6 3. g3 Nbd7 4. c4 c6 5. Nc3 e5 6. Bg2 Be7 7. 0-0 0-0 8. Qc2 Qc7 9. b3 Re8 10. Bb2 Nf8 11. Rac1 Ng6 12. Rfd1 Bd7 13. a3 Rac8 14. b4 a6 15. dxe5 Nxe5 16. Nxe5 dxe5 17. c5 Be6 18. Ne4 Nxe4 19. Bxe4 h6 20. Bh7+ Kh8 21. Bf5 Bg5 22. e3 Rcd8 23. Bxe6 Rxe6 24. Rxd8+ Bxd8 25. Rd1 Bf6 26. Qd2 Re7 27. e4 Kh7 28. Kg2 g6 29. Bc3 Bg7 30. Qb2 f6 31. Qd2 Rf7 32. Qd3 Re7 33. Bb2 Rf7 34. Bc1 Re7 35. Be3 Rf7 36. a4 Re7 37. b5 axb5 38. axb5 cxb5 39. Qxb5 Rf7 40. Rd5 Re7 41. Bd2 Qc6 42. Qxc6 bxc6 43. Rd6 Rc7 44. Ba5 Rc8 45. g4 h5 46. h3 hxg4 47. hxg4 f5 48. exf5 gxf5 49. gxf5 e4 50. Rd7 Kg8 51. Kg3 Rf8 52. Kg4 Ra8 53. Bd2 Ra3 54. Be3 Rd3 55. Rc7 1-0

[Event "SVK-chT2A 1617"]
[Site "Slovakia"]
[Date "2016.10.08"]
[Round "1.1"]
[White "Duben, Igor"]
[Black "Farkas, Gabor"]
[Result "1/2-1/2"]
[WhiteElo "2221"]
[BlackElo "2383"]
[PlyCount "115"]
[EventDate "2016.10.08"]
[EventType "team-tourn"]
[EventRounds "11"]
[EventCountry "SVK"]
[SourceTitle "CBM 175 Extra"]
[Source "ChessBase"]
[SourceDate "2016.12.12"]
[SourceVersion "1"]
[SourceVersionDate "2016.12.12"]
[SourceQuality "1"]
[WhiteTeam "Devinska Nova Ves II"]
[BlackTeam "Senec"]
[WhiteTeamCountry "SVK"]
[BlackTeamCountry "SVK"]

1. d4 d5 2. Nf3 c6 3. Bf4 Qb6 4. Qc1 Bf5 5. e3 Nf6 6. Be2 e6 7. 0-0 Nbd7 8. c4 Nh5 9. Bg5 h6 10. Bh4 g5 11. Bg3 Nxg3 12. hxg3 Bg7 13. Nc3 0-0 14. Qd2 dxc4 15. Bxc4 Rad8 16. Qe2 Nf6 17. Rfd1 c5 18. Na4 Qc7 19. Nxc5 Bg4 20. Rac1 Qb8 21. Qc2 b6 22. Na6 Qb7 23. Be2 Rc8 24. Qb3 Ne4 25. Nc5 Nxc5 26. dxc5 Qc6 27. Rc4 Bh5 28. cxb6 Qxb6 29. Qxb6 axb6 30. b3 Rxc4 31. Bxc4 Ra8 32. a4 Bf8 33. Rd7 Bxf3 34. gxf3 Bc5 35. Kg2 Kf8 36. Kh3 Re8 37. Rc7 Bb4 38. Rb7 Bc5 39. Rc7 Bb4 40. f4 gxf4 41. exf4 Rd8 42. f5 Rd2 43. f3 Rd6 44. Kg4 Be1 45. Kh3 Ke8 46. f4 exf5 47. Rxf7 Rg6 48. Rxf5 Rxg3+ 49. Kh2 Re3 50. Re5+ Rxe5 51. fxe5 h5 52. Be2 h4 53. Kg2 Ke7 54. Bg4 Bc3 55. e6 Bf6 56. Kf3 Kd6 57. Ke4 Kc5 58. Kd3 1/2-1/2

[Event "SVK-chT2A 1516"]
[Site "Slovakia"]
[Date "2016.02.13"]
[Round "8.1"]
[White "Sosna, Jan"]
[Black "Duben, Igor"]
[Result "1/2-1/2"]
[WhiteElo "2341"]
[BlackElo "2220"]
[PlyCount "46"]
[EventDate "2015.10.17"]
[EventType "team-tourn"]
[EventRounds "11"]
[EventCountry "SVK"]
[SourceTitle "EXT 2017"]
[Source "ChessBase"]
[SourceDate "2016.10.25"]
[SourceVersion "1"]
[SourceVersionDate "2016.10.25"]
[SourceQuality "1"]
[WhiteTeam "Skalica"]
[BlackTeam "Devinska Nova Ves II"]
[WhiteTeamCountry "SVK"]
[BlackTeamCountry "SVK"]

1. d4 d5 2. Nf3 Nf6 3. Bf4 Bf5 4. e3 e6 5. Be2 Be7 6. Nh4 Bg6 7. Nd2 Bd6 8. Bg3 Qe7 9. 0-0 Bxg3 10. hxg3 0-0 11. Nxg6 hxg6 12. c4 c6 13. Rc1 Nbd7 14. a3 dxc4 15. Nxc4 e5 16. dxe5 Nxe5 17. Qd6 Rfe8 18. Rfd1 Nxc4 19. Bxc4 Qxd6 20. Rxd6 Red8 21. Rcd1 Rxd6 22. Rxd6 Kf8 23. Rd3 Ke7 1/2-1/2

[Event "SVK-chT 1516"]
[Site "Slovakia"]
[Date "2016.01.17"]
[Round "6.1"]
[White "Duben, Igor"]
[Black "Urbanik, Lukas"]
[Result "1-0"]
[WhiteElo "2205"]
[BlackElo "1969"]
[PlyCount "105"]
[EventDate "2015.10.10"]
[EventType "team-tourn"]
[EventRounds "11"]
[EventCountry "SVK"]
[SourceTitle "CBM 170 Extra"]
[Source "ChessBase"]
[SourceDate "2016.02.25"]
[SourceVersion "1"]
[SourceVersionDate "2016.02.25"]
[SourceQuality "1"]
[WhiteTeam "Devinska Nova Ves"]
[BlackTeam "Cadca Caissa"]
[WhiteTeamCountry "SVK"]
[BlackTeamCountry "SVK"]

1. d4 Nf6 2. Nf3 e6 3. g3 d5 4. Bg2 c5 5. 0-0 Nc6 6. b3 cxd4 7. Nxd4 Bc5 8. Nxc6 bxc6 9. Bb2 0-0 10. Nd2 a5 11. a3 Ba6 12. c3 Rb8 13. b4 Be7 14. Nb3 a4 15. Na5 Bb5 16. c4 dxc4 17. Nxc6 Bxc6 18. Bxc6 Qxd1 19. Rfxd1 Rfc8 20. Bxa4 c3 21. Bc1 Ra8 22. Bc2 Bxb4 23. e3 e5 24. Kf1 Kf8 25. Ke2 Ke7 26. a4 Rab8 27. Rb1 Bd6 28. Rxb8 Rxb8 29. Kd3 Rc8 30. e4 Ng4 31. Ke2 Bc5 32. Rd5 f6 33. h3 Nh6 34. Rxc5 Rxc5 35. Ba3 Kd6 36. Kd3 Nf7 37. Bxc5+ Kxc5 38. Kxc3 Nd8 39. Bb3 Nc6 40. Bc4 Nd4 41. a5 Nf3 42. h4 g5 43. h5 h6 44. Bd3 g4 45. Be2 Ng5 46. Kd3 Kb5 47. Bxg4 Kxa5 48. f4 Nf7 49. Kc4 Kb6 50. Kd5 exf4 51. gxf4 Kc7 52. Ke6 Nd6 53. Bf5 1-0

[Event "SVK-chT 1516"]
[Site "Slovakia"]
[Date "2016.01.16"]
[Round "5.1"]
[White "Magat, Jozef"]
[Black "Duben, Igor"]
[Result "1/2-1/2"]
[WhiteElo "2108"]
[BlackElo "2205"]
[PlyCount "139"]
[EventDate "2015.10.10"]
[EventType "team-tourn"]
[EventRounds "11"]
[EventCountry "SVK"]
[SourceTitle "CBM 170 Extra"]
[Source "ChessBase"]
[SourceDate "2016.02.25"]
[SourceVersion "1"]
[SourceVersionDate "2016.02.25"]
[SourceQuality "1"]
[WhiteTeam "Dunajov Inbest"]
[BlackTeam "Devinska Nova Ves"]
[WhiteTeamCountry "SVK"]
[BlackTeamCountry "SVK"]

1. d4 d5 2. Nf3 Nf6 3. c4 c6 4. cxd5 cxd5 5. Nc3 Nc6 6. g3 e6 7. Bg2 Bd6 8. 0-0 0-0 9. Bg5 h6 10. Bxf6 Qxf6 11. Re1 Qd8 12. Rc1 Qb6 13. Na4 Qa5 14. a3 Bd7 15. Nc5 Bxc5 16. Rxc5 Qa6 17. e3 b6 18. Bf1 Qb7 19. Rc3 Rac8 20. Qd2 Nb8 21. Rec1 Rxc3 22. Rxc3 Rc8 23. Ne5 Be8 24. Qc1 Rxc3 25. Qxc3 Nc6 26. Nxc6 Bxc6 27. b4 Qd7 28. Bd3 Ba4 29. Be2 g6 30. Kg2 Kg7 31. h3 Kf8 32. Bd3 Bc6 33. Kh2 Kg8 34. Be2 Ba4 35. Kg2 Bc6 36. Kh2 Qd6 37. Kg1 Kf8 38. h4 h5 39. Bd3 Ke7 40. Be2 Kd8 41. Bd3 Qd7 42. Be2 Bb5 43. Bd3 Bxd3 44. Qxd3 Qc8 45. b5 Qc1+ 46. Kg2 Kd7 47. Qb3 Qc7 48. Qb4 Ke8 49. Qa4 f6 50. f4 Kf7 51. Kf2 Kg7 52. Ke2 g5 53. Kf2 Kg6 54. Qb3 gxh4 55. Qb1+ Kh6 56. gxh4 Qc3 57. f5 e5 58. dxe5 Qxe5 59. Kf3 Qh2 60. Qb4 Qh3+ 61. Ke2 Qg2+ 62. Ke1 Qg3+ 63. Ke2 Qg2+ 64. Ke1 Qg7 65. Qf4+ Kh7 66. Kf2 Qe7 67. Qf3 Qf7 68. Ke2 Kh6 69. Qf4+ Kh7 70. Qf3 1/2-1/2

[Event "SVK-chT2A 1516"]
[Site "Slovakia"]
[Date "2015.12.06"]
[Round "6.2"]
[White "Duben, Igor"]
[Black "Fabry, Robert"]
[Result "1-0"]
[WhiteElo "2220"]
[BlackElo "2114"]
[PlyCount "47"]
[EventDate "2015.10.17"]
[EventType "team-tourn"]
[EventRounds "11"]
[EventCountry "SVK"]
[SourceTitle "CBM 169 Extra"]
[Source "ChessBase"]
[SourceDate "2015.12.18"]
[SourceVersion "1"]
[SourceVersionDate "2015.12.18"]
[SourceQuality "1"]
[WhiteTeam "Devinska Nova Ves II"]
[BlackTeam "Bratislava DP"]
[WhiteTeamCountry "SVK"]
[BlackTeamCountry "SVK"]

1. d4 Nf6 2. Nf3 e6 3. Bf4 b6 4. e3 Bb7 5. Bd3 d5 6. 0-0 Bd6 7. Bg5 Nbd7 8. Nbd2 h6 9. Bh4 g5 10. Bg3 Bxg3 11. hxg3 Ne4 12. c4 g4 13. cxd5 exd5 14. Nh4 Ndf6 15. Nxe4 dxe4 16. Bb5+ Kf8 17. Rc1 Rc8 18. Qa4 a5 19. Rfd1 Qd5 20. Bc6 Bxc6 21. Rxc6 Kg7 22. Rdc1 Qd7 23. Qb5 Nd5 24. Rg6+ 1-0

[Event "SVK-chT2A 1415"]
[Site "Slovakia"]
[Date "2015.03.07"]
[Round "10.1"]
[White "Balogh, Tomas"]
[Black "Duben, Igor"]
[Result "1/2-1/2"]
[WhiteElo "2358"]
[BlackElo "2198"]
[PlyCount "34"]
[EventDate "2014.10.11"]
[EventType "team-tourn"]
[EventRounds "11"]
[EventCountry "SVK"]
[SourceTitle "EXT 2016"]
[Source "ChessBase"]
[SourceDate "2015.10.08"]
[SourceVersion "1"]
[SourceVersionDate "2015.10.08"]
[SourceQuality "1"]
[WhiteTeam "Bratislava Lokomotiva"]
[BlackTeam "Devinska Nova Ves II"]
[WhiteTeamCountry "SVK"]
[BlackTeamCountry "SVK"]

1. d4 d5 2. Nf3 Nf6 3. Bf4 c6 4. c3 Bf5 5. e3 e6 6. Qb3 Qb6 7. Be2 Nbd7 8. 0-0 Be7 9. h3 h6 10. c4 dxc4 11. Bxc4 Qxb3 12. Bxb3 0-0 13. Nc3 Nd5 14. Bh2 Nxc3 15. bxc3 c5 16. d5 c4 17. Bxc4 Nb6 1/2-1/2

[Event "SVK-chT 1415"]
[Site "Slovakia"]
[Date "2015.02.21"]
[Round "7.2"]
[White "Duben, Igor"]
[Black "Dolnak, Michal"]
[Result "0-1"]
[WhiteElo "2198"]
[BlackElo "2187"]
[PlyCount "89"]
[EventDate "2014.10.25"]
[EventType "team-tourn"]
[EventRounds "11"]
[EventCountry "SVK"]
[SourceTitle "EXT 2016"]
[Source "ChessBase"]
[SourceDate "2015.10.08"]
[SourceVersion "1"]
[SourceVersionDate "2015.10.08"]
[SourceQuality "1"]
[WhiteTeam "Devinska Nova Ves"]
[BlackTeam "Bratislava Slovan II"]
[WhiteTeamCountry "SVK"]
[BlackTeamCountry "SVK"]

1. d4 d6 2. g3 g6 3. Bg2 Bg7 4. Nf3 Nd7 5. c4 e5 6. Nc3 Ne7 7. 0-0 0-0 8. e4 exd4 9. Nxd4 a6 10. Be3 Ne5 11. b3 Rb8 12. a4 Ng4 13. Qd2 Nxe3 14. Qxe3 Nc6 15. Nde2 Re8 16. Qd2 Kh8 17. Rae1 Na5 18. Nc1 Nc6 19. N1e2 Bg4 20. f3 Bd7 21. Nd5 b5 22. axb5 axb5 23. Rc1 bxc4 24. bxc4 Rb2 25. Rc2 Rb3 26. Rd1 Qb8 27. Kh1 Ne5 28. Nd4 Rd3 29. Qe2 Rxd1+ 30. Qxd1 Ba4 31. Qd2 Bxc2 32. Qxc2 c6 33. Ne3 Qb6 34. Qd2 Ra8 35. h4 Ra1+ 36. Kh2 Qxd4 37. Qxd4 Nxf3+ 38. Bxf3 Bxd4 39. Nc2 Ra2 40. Bd1 Bc5 41. Kg2 Kg7 42. Kf3 Kf6 43. Kf4 h5 44. Kf3 Ke5 45. Ke2 0-1

[Event "SVK-chT 1415"]
[Site "Slovakia"]
[Date "2014.10.26"]
[Round "2.3"]
[White "Duben, Igor"]
[Black "Czebe, Attila"]
[Result "0-1"]
[WhiteElo "2198"]
[BlackElo "2428"]
[PlyCount "80"]
[EventDate "2014.10.25"]
[EventType "team-tourn"]
[EventRounds "11"]
[EventCountry "SVK"]
[SourceTitle "EXT 2015"]
[Source "ChessBase"]
[SourceDate "2014.11.20"]
[SourceVersion "1"]
[SourceVersionDate "2014.11.20"]
[SourceQuality "1"]
[WhiteTeam "Devinska Nova Ves"]
[BlackTeam "Dunajska Streda"]
[WhiteTeamCountry "SVK"]
[BlackTeamCountry "SVK"]

1. d4 Nf6 2. Nf3 b6 3. g3 Bb7 4. Bg2 c5 5. dxc5 bxc5 6. c4 g6 7. 0-0 Bg7 8. Nc3 0-0 9. Qc2 Nc6 10. a3 Nd4 11. Qd3 Ng4 12. Nd5 e6 13. Ne3 Nxe3 14. Bxe3 Nxf3+ 15. Bxf3 Bxf3 16. exf3 Qc7 17. Rab1 d5 18. cxd5 Rfd8 19. d6 Rxd6 20. Qe4 Rd5 21. Rfc1 Rc8 22. Rc2 Qd7 23. b4 Bd4 24. bxc5 Bxe3 25. fxe3 Rdxc5 26. Rxc5 Rxc5 27. Rb8+ Kg7 28. Rb2 Qd1+ 29. Kg2 Qc1 30. Ra2 Qc3 31. Kf2 Ra5 32. a4 Qb3 33. Qd4+ e5 34. Qa1 Kh6 35. e4 Kg7 36. Kg2 h5 37. Kf2 Ra6 38. Ra3 Qc2+ 39. Kg1 Rb6 40. Qxe5+ Kh7 0-1

[Event "SVK-chT 1415"]
[Site "Slovakia"]
[Date "2014.10.25"]
[Round "1.4"]
[White "Vojtek, Vladimir"]
[Black "Duben, Igor"]
[Result "1-0"]
[WhiteElo "2336"]
[BlackElo "2198"]
[PlyCount "85"]
[EventDate "2014.10.25"]
[EventType "team-tourn"]
[EventRounds "11"]
[EventCountry "SVK"]
[SourceTitle "EXT 2015"]
[Source "ChessBase"]
[SourceDate "2014.11.20"]
[SourceVersion "1"]
[SourceVersionDate "2014.11.20"]
[SourceQuality "1"]
[WhiteTeam "Dubnica nad Vahom"]
[BlackTeam "Devinska Nova Ves"]
[WhiteTeamCountry "SVK"]
[BlackTeamCountry "SVK"]

1. e4 e6 2. d4 d5 3. Nc3 Nf6 4. e5 Nfd7 5. f4 c5 6. Nf3 Nc6 7. Be3 Qb6 8. a3 cxd4 9. Nxd4 Nxd4 10. Bxd4 Bc5 11. Na4 Qa5+ 12. c3 Bxd4 13. Qxd4 b6 14. Qb4 Qxb4 15. axb4 Bb7 16. Bb5 0-0-0 17. 0-0-0 Nb8 18. b3 Bc6 19. Be2 Bxa4 20. bxa4 Rd7 21. Kb2 Rhd8 22. Rd2 Nc6 23. Rc1 Kb7 24. Bf3 Kb8 25. Kb3 Rc7 26. Re1 Ne7 27. Be2 Nf5 28. Ba6 Ne7 29. Red1 Ng6 30. g3 Ne7 31. Rd3 Ng6 32. c4 Ne7 33. cxd5 Rxd5 34. Bc4 Rxd3+ 35. Rxd3 Kb7 36. Rd8 Rc8 37. Rd7+ Rc7 38. Ba6+ Kb8 39. Rd8+ Nc8 40. Rf8 g6 41. Bxc8 Rxc8 42. Rxf7 Rc7 43. Rxc7 1-0

[Event "Bratislava MMX op"]
[Site "Bratislava"]
[Date "2010.08.29"]
[Round "2"]
[White "Gonda, Jan"]
[Black "Duben, Igor"]
[Result "1-0"]
[WhiteElo "1796"]
[BlackElo "2182"]
[PlyCount "111"]
[EventDate "2010.08.28"]
[EventType "swiss"]
[EventRounds "9"]
[EventCountry "SVK"]
[SourceTitle "EXT 2011"]
[Source "ChessBase"]
[SourceDate "2010.11.26"]
[SourceVersion "1"]
[SourceVersionDate "2010.11.26"]
[SourceQuality "1"]

1. e4 e6 2. d4 d5 3. exd5 exd5 4. Nf3 Bd6 5. Bd3 Nc6 6. c3 Nge7 7. 0-0 Bg4 8. h3 Bh5 9. Be3 Qd7 10. Nbd2 f5 11. Bg5 h6 12. Bxe7 Nxe7 13. Re1 0-0-0 14. Qc2 Rdf8 15. Ne5 Qd8 16. Qa4 Bxe5 17. Rxe5 Kb8 18. Rae1 Nc6 19. Rxf5 Rxf5 20. Bxf5 Rf8 21. Bd3 Qh4 22. Rf1 g5 23. f3 Be8 24. Qd1 Bd7 25. Qe1 Qf4 26. g3 Qf6 27. Kg2 h5 28. f4 Re8 29. Qf2 a6 30. fxg5 Qxg5 31. Qf4 Qg7 32. Qf6 Qg8 33. Rf2 Nd8 34. Qg6 Rf8 35. Rxf8 Qxf8 36. Qxh5 Qe7 37. Qe5 Qf8 38. g4 Qh6 39. Nf3 Ne6 40. Kg3 Qc1 41. Bf5 Qh6 42. Bxe6 Bxe6 43. Qf4 Qg6 44. h4 Qb1 45. Qd2 Qe4 46. Ne5 c5 47. Qf2 Bc8 48. h5 a5 49. h6 cxd4 50. cxd4 Qh1 51. Qf4 Ka7 52. Nf3 a4 53. Qd2 Qb1 54. Qa5+ Kb8 55. Qxd5 Qg6 56. Qg5 1-0

[Event "SVK-chT1W 0910"]
[Site "Slovakia"]
[Date "2009.12.13"]
[Round "5.4"]
[White "Kovacova, Zuzana"]
[Black "Duben, Igor"]
[Result "1/2-1/2"]
[WhiteElo "2110"]
[BlackElo "2222"]
[PlyCount "34"]
[EventDate "2009.10.17"]
[EventType "team"]
[EventRounds "11"]
[EventCountry "SVK"]
[SourceTitle "EXT 2011"]
[Source "ChessBase"]
[SourceDate "2010.11.26"]
[SourceVersion "1"]
[SourceVersionDate "2010.11.26"]
[SourceQuality "1"]
[WhiteTeam "Bratislava Doprastav II"]
[BlackTeam "Bratislava Doprastav"]
[WhiteTeamCountry "SVK"]
[BlackTeamCountry "SVK"]

1. e4 e6 2. d4 d5 3. exd5 exd5 4. Bd3 c5 5. Nf3 Bd6 6. 0-0 Nc6 7. c3 Nge7 8. Re1 cxd4 9. Nxd4 Nxd4 10. cxd4 h6 11. Nc3 0-0 12. Qf3 Be6 13. Bf4 Nc6 14. Be5 Bxe5 15. dxe5 Qg5 16. Qg3 Nb4 17. Qxg5 hxg5 1/2-1/2

[Event "SVK-chT2A 0910"]
[Site "Slovakia"]
[Date "2009.12.12"]
[Round "5.1"]
[White "Duben, Igor"]
[Black "Polacik, Igor"]
[Result "1/2-1/2"]
[WhiteElo "2222"]
[BlackElo "2186"]
[PlyCount "61"]
[EventDate "2009.10.10"]
[EventType "team-tourn"]
[EventRounds "11"]
[EventCountry "SVK"]
[SourceTitle "EXT 2011"]
[Source "ChessBase"]
[SourceDate "2010.11.26"]
[SourceVersion "1"]
[SourceVersionDate "2010.11.26"]
[SourceQuality "1"]
[WhiteTeam "Devinska Nova Ves"]
[BlackTeam "Bratislava Doprastav III"]
[WhiteTeamCountry "SVK"]
[BlackTeamCountry "SVK"]

1. Nf3 Nf6 2. c4 c5 3. g3 Nc6 4. Bg2 d5 5. cxd5 Nxd5 6. d4 cxd4 7. Nxd4 Nxd4 8. Qxd4 e6 9. 0-0 Qb6 10. Qxb6 Nxb6 11. Be3 Be7 12. Nd2 0-0 13. Rac1 Bf6 14. b3 Nd5 15. Bc5 Nc3 16. Rfe1 Rd8 17. Rc2 g6 18. Ne4 Nxe4 19. Bxe4 e5 20. Rec1 Bg5 21. e3 f5 22. Bg2 e4 23. Bxa7 Rxa7 24. Rxc8 Rxa2 25. R1c7 b6 26. h4 Be7 27. Bf1 Rxc8 28. Rxc8+ Kg7 29. Rc7 Kf8 30. Rc8+ Kg7 31. Rc7 1/2-1/2

[Event "Piestany Pressburg op"]
[Site "Piestany"]
[Date "2009.11.21"]
[Round "6"]
[White "Sosovicka, Juraj"]
[Black "Duben, Igor"]
[Result "1/2-1/2"]
[WhiteElo "2085"]
[BlackElo "2195"]
[PlyCount "25"]
[EventDate "2009.11.17"]
[EventType "swiss"]
[EventRounds "7"]
[EventCountry "SVK"]
[SourceTitle "CBM 133 Extra"]
[Source "ChessBase"]
[SourceDate "2010.01.05"]
[SourceVersion "1"]
[SourceVersionDate "2010.01.05"]
[SourceQuality "1"]

1. e4 e6 2. d4 d5 3. Nd2 c5 4. exd5 exd5 5. Ngf3 Nf6 6. c3 Bd6 7. dxc5 Bxc5 8. Nb3 Bb6 9. Be2 0-0 10. 0-0 h6 11. Bf4 Nc6 12. Nbd4 Re8 13. Bg3 1/2-1/2

[Event "SVK-chT1W 0910"]
[Site "Slovakia"]
[Date "2009.10.17"]
[Round "1.6"]
[White "Duben, Igor"]
[Black "Pinter, Patrik"]
[Result "1/2-1/2"]
[WhiteElo "2222"]
[BlackElo "2190"]
[PlyCount "86"]
[EventDate "2009.10.17"]
[EventType "team"]
[EventRounds "11"]
[EventCountry "SVK"]
[SourceTitle "EXT 2011"]
[Source "ChessBase"]
[SourceDate "2010.11.26"]
[SourceVersion "1"]
[SourceVersionDate "2010.11.26"]
[SourceQuality "1"]
[WhiteTeam "Bratislava Doprastav"]
[BlackTeam "Nitra NSK II"]
[WhiteTeamCountry "SVK"]
[BlackTeamCountry "SVK"]

1. Nf3 g6 2. c4 Bg7 3. g3 Nf6 4. Bg2 0-0 5. Nc3 c5 6. 0-0 d5 7. cxd5 Nxd5 8. d4 cxd4 9. Nxd4 Nxc3 10. bxc3 Nd7 11. Rb1 Qa5 12. Qb3 Nc5 13. Qa3 Qxa3 14. Bxa3 Na4 15. Rfc1 Nxc3 16. Rxc3 Bxd4 17. Rc7 Bb6 18. Rxe7 Bf5 19. e4 Be6 20. e5 Rac8 21. Rxe6 fxe6 22. Bxf8 Kxf8 23. Rb2 Rc1+ 24. Bf1 Rc5 25. Bg2 Rc1+ 26. Bf1 Ke7 27. Kg2 Kd7 28. Bd3 Rd1 29. Be4 Re1 30. Bxb7 Rxe5 31. Rc2 Ke7 32. Ba6 Rd5 33. Re2 Rc5 34. Bd3 Kf6 35. Rc2 Ra5 36. Bc4 g5 37. Re2 e5 38. Bb3 Bd4 39. Rc2 Rc5 40. Rxc5 Bxc5 41. f3 h6 42. g4 Be3 43. h3 Bd4 1/2-1/2